ECM Solutions: What you need to know (Record no. 9559)

MARC details
000 -LEADER
fixed length control field 00594nam a22002177a 4500
003 - CONTROL NUMBER IDENTIFIER
control field OSt
005 - DATE AND TIME OF LATEST TRANSACTION
control field 20251010150013.0
008 - FIXED-LENGTH DATA ELEMENTS--GENERAL INFORMATION
fixed length control field 251010b |||||||| |||| 00| 0 eng d
020 ## - INTERNATIONAL STANDARD BOOK NUMBER
International Standard Book Number 0973066261
040 ## - CATALOGING SOURCE
Transcribing agency MUST
082 ## - DEWEY DECIMAL CLASSIFICATION NUMBER
Classification number 658 FOR 2006
100 ## - MAIN ENTRY--PERSONAL NAME
Personal name Firquer Bill
9 (RLIN) 19454
245 ## - TITLE STATEMENT
Title ECM Solutions: What you need to know
260 ## - PUBLICATION, DISTRIBUTION, ETC. (IMPRINT)
Place of publication, distribution, etc. Canada
Name of publisher, distributor, etc. Open Text Corporation
Date of publication, distribution, etc. 2006
300 ## - PHYSICAL DESCRIPTION
Extent xvi,330p.:
Other physical details col.ill.
Dimensions 25cm.
504 ## - BIBLIOGRAPHY, ETC. NOTE
Bibliography, etc Includes glossary,index and bibliograpgy
630 ## - SUBJECT ADDED ENTRY--UNIFORM TITLE
Uniform title Enterprise
9 (RLIN) 19455
630 ## - SUBJECT ADDED ENTRY--UNIFORM TITLE
Uniform title Magement
9 (RLIN) 19456
700 ## - ADDED ENTRY--PERSONAL NAME
Relator code Bill Forguer
942 ## - ADDED ENTRY ELEMENTS (KOHA)
Source of classification or shelving scheme Dewey Decimal Classification
Koha item type Open Shelf
Holdings
Withdrawn status Lost status Source of classification or shelving scheme Damaged status Not for loan Home library Current library Date acquired Source of acquisition Inventory number Total Checkouts Full call number Barcode Date last seen Price effective from Koha item type
    Dewey Decimal Classification     MUST Main Library MUST Main Library 10/10/2025 Purchase 11/33842   658 FOR 2006 2025-0117 10/10/2025 10/10/2025 Open Shelf